000 00730nam a2200253 i 4500
001 C2-0146075
003 PPAK
005 20180727131026.0
008 980312s1991 enka|||| ||||| | eng d
020 _a085532167X
040 _aPPAK
_beng
_cPPAK
_erda
082 0 4 _a355.0097
_223
090 0 0 _a355.0097
_bCHA
_dR
100 1 _aChartrand, Rene,
_eauthor
245 1 4 _aThe French army in the American War of independence
264 1 _aLondon :
_bOsprey Ltd. ,
_c1991
300 _a48 pages :
_bcolour illustrations ;
_c25 cm
336 _2rdacontent
_atext
337 _2rdamedia
_aunmediated
338 _2rdacarrier
_avolume
490 1 _aMen-at-arms series (244)
830 0 _aMen-at-arms series (244)
942 _ddc
_cB
999 _c46321
_d46321